Guidance services: organization and administration.

Bibliographic Details
Main Author: Stoops, Emery
Format: Book
Language:English
Published: New York : McGraw-Hill, 1959.
Subjects:

MARC

Tag First Indicator Second Indicator Subfields
LEADER 00000cam a2200000 4500
001 in00000419421
005 20151012055046.0
008 711206s1959 nyu 00010 eng
010 |a  58010011  
035 |a (OCoLC)00179026 
035 |9 ABU9441AM 
040 |c WSU  |d m.c.  |d TXA  |d UtOrBLW 
049 |a TXAM  |c 1 [303576], 2 [303577] 
090 |a LB1027.5  |b .S8 
092 |a 371.422  |b S882g 
100 1 |a Stoops, Emery. 
245 1 0 |a Guidance services: organization and administration. 
264 1 |a New York :  |b McGraw-Hill,  |c 1959. 
300 |a 302 pages 
336 |a text  |b txt  |2 rdacontent 
337 |a unmediated  |b n  |2 rdamedia 
338 |a volume  |b nc  |2 rdacarrier 
650 0 |a Educational counseling. 
999 |a MARS 
999 f f |s e84cdc7f-8768-34fc-8875-f8e6b23693ef  |i b487d4d2-5c63-34d2-bc5f-e47a3faf634a  |t 0 
952 f f |p normal  |a Texas A&M University  |b College Station  |c Sterling C. Evans Library  |d Evans: Library Stacks  |t 0  |e LB1027.5 .S8  |h Library of Congress classification  |i unmediated -- volume  |m A14809911962 
998 f f |a LB1027.5 .S8  |t 0  |l Evans: Library Stacks